Viajes por el tiempo y otras perplejidades matemáticas
Saved in:
| Hovedforfatter: | |
|---|---|
| Format: | Bog |
| Sprog: | spansk |
| Udgivet: |
Barcelona
Labor
1988
|
| Fag: | |
| Tags: |
Tilføj Tag
Ingen Tags, Vær først til at tagge denne postø!
|
MARC
| LEADER | 00000nam a2200000 a 4500 | ||
|---|---|---|---|
| 001 | UCW1183 | ||
| 003 | CL-VaPUC | ||
| 008 | 911128e19880000SP |||||||||||||||||spa|d | ||
| 082 | 0 | 4 | |a 793.74 |b GAR |2 21 |
| 100 | |a Gardner, Martin |e author |9 591378 | ||
| 245 | 1 | 0 | |a Viajes por el tiempo y otras perplejidades matemáticas |
| 300 | |a 293 p | ||
| 942 | |c BK | ||
| 945 | |d 19911128 00:00:00 | ||
| 260 | |a Barcelona |b Labor |c 1988 | ||
| 650 | 7 | |a MATEMATICAS RECREATIVAS |2 CL-VaPUC |9 269273 | |
| 583 | |a last modification |c 19911128 00:00:00 |k Rodrigo Vera | ||
| 999 | |c 216102 |d 216100 | ||